Les Georges célèbres - Statistiques

Statistiques générales
  • Ce quiz a été pris 105 fois
  • Le résultat moyen est 4 sur 20
Statistiques - réponses
Par images Réponse % Correct
Georges Pompidou
98%
Georges Brassens
91%
Georges Pernoud
47%
Georges Remi dit Hergé
36%
Georges Descrières
29%
Saint Georges de Lydda
28%
Georges Simenon
23%
Georges Bizet
16%
Georges Lautner
15%
Georges Wilson
15%
Georges Seurat
8%
Georges Bernanos
7%
Georges Méliès
7%
Georges Geret
6%
Georges Delerue
5%
Georges Cadoudal
3%
Georges Cuvier
2%
Georges Duby
1%
Georges Goyau
0%
Georges Ronsse
0%
Aucun quiz correspondant
Distribution des résultats
% des personnes avec chaque résultat
Percentile par nombre de réponses
Votre historique - résultats
Vous n’avez pas pris ce quiz